Songs from Disney Movies - Statistics

General Stats
  • This quiz has been taken 58 times
  • The average score is 11 of 20
Answer Stats
Hint Answer % Correct
"Well Ali Baba had them forty thieves
Scheherazade had a thousand tales"
Friend Like Me (Aladdin)
88%
"I'm brushing up on looking down
I'm working on my roar"
I Just Can't Wait To Be King (The Lion King)
85%
"I can lead with pride, I can make us strong
I'll be satisfied if I play along
But the voice inside sings a different song
What is wrong with me?"
How Far I'll Go (Moana)
83%
"Oh, isn't this amazing?
It's my favourite part, because you'll see
Here's where she meets Prince Charming
But she won't discover that it's him 'til chapter three"
Belle (Beauty And The Beast)
71%
"Have you ever heard the wolf cry to the blue corn moon?
Or asked the grinning bobcat why he grinned?"
Colors Of The Wind (Pocahontas)
71%
"I'm ready to know what the people know
Ask 'em my questions and get some answers
What's a fire and why does it, what's the word, burn?"
Part Of Your World (The Little Mermaid)
71%
"Winter's a good time to stay in and cuddle
But put me in summer and I'll be a happy snowman"
Summer (Frozen)
68%
"Now when you pick a paw-paw or prickly pear
And you prick a raw paw, well, next time beware"
The Bare Necessities (The Jungle Book)
66%
"So I work real hard each and every day
Now things for sure are goin' my way
Just doin' what I do
Look out boys, I'm comin' through"
Almost There (The Princess And The Frog)
61%
"Again, you're gone
Off on a different path than mine
I'm left behind
Wondering if I should follow"
Lost In The Woods (Frozen 2)
54%
"Though there's no one there to guide you
No one to take your hand
But with faith and understanding
You will journey from boy to man"
Son Of Man (Tarzan)
54%
"Tranquil as a forest, but on fire within
Once you find your center, you are sure to win"
I'll Make A Man Out Of You (Mulan)
49%
"And as you sweep the room
Imagine that the broom is someone that you love
And soon you'll find that you're dancing to the tune"
Whistle While You Work (Snow White And The Seven Dwarfs)
44%
"She's the angel voice that bids you goodnight
Kisses your cheek, whispers, sleep tight"
Your Mother And Mine (Peter Pan)
41%
"Heedless of the gift it is to be them
If I were in their skin, I'd treasure every instant"
Out There (The Hunchback Of Notre Dame)
34%
"I can't help it if mirrors love my face
It's genetics, yeah, I got these genes from outer space"
This Is The Thanks I Get (Wish)
34%
"The rhythm of the city
Boy, once you get it down
Said you can own this town
You can wear the crown"
Why Should I Worry? (Oliver & Company)
34%
"Wait, there's no mountain too great
Hear the words and have faith
Oh, have faith"
He Lives In You (The Lion King 2)
32%
"A lady needn't fear when you are near
Your sweet gentility is crystal clear!"
Jolly Holiday (Mary Poppins)
32%
"The roof, the house, and your Mother at the door
The roof, the house, and the world you never thought to explore"
Giants In The Sky (Into The Woods)
24%
No matching quizzes found
Score Distribution
Percent of People with Each Score
Percentile by Number Answered
Your Score History
You have not taken this quiz